Normal view
MARC view
Entry Corporate Name
001 - CONTROL NUMBER
- control field: 556829
003 - CONTROL NUMBER IDENTIFIER
- control field: OSt
005 - DATE AND TIME OF LATEST TRANSACTION
- control field: 20220930094933.0
008 - FIXED-LENGTH DATA ELEMENTS
- fixed length control field: 220930|| aca||aabn | a|a d
040 ## - CATALOGING SOURCE
- Original cataloging agency: OSt
- Transcribing agency: OSt
110 ## - HEADING--CORPORATE NAME
- Corporate name or jurisdiction name as entry element: दिल्ली विश्वविद्यालय. कला संकाय. हिंदी विभाग
670 ## - SOURCE DATA FOUND
- Source citation: Work cat.: (OSt)888001: यादव, महंथी प्रसाद, ले., हिन्दी क्षेत्र में मध्यकालीन लोक जागरण और विद्यापति (विशेष संदर्भ आदिकाल और मध्यकाल), 2015
